[Event "Challenge"]
[Site "http://www.queenalice.com/game.php?id=399342"]
[Date "2008.5.7"]
[Round "-"]
[White "Macuei"]
[Black "Kisei"]
[Result "1-0"]
[WhiteElo "2385"]
[BlackElo "2119"]

1. e4 c5 2. Nf3 Nc6 3. d4 cxd4 4. Nxd4 Nf6 5. Nc3 e5 6. Ndb5 d6 7. Bg5 a6 8. Na3
b5 9. Bxf6 gxf6 10. Nd5 Bg7 11. c3 f5 12. exf5 Bxf5 13. Nc2 O-O 14. Be2 Ne7 15.
Nce3 Be6 16. O-O Rc8 17. Nxe7+ Qxe7 18. a4 Rc5 19. axb5 axb5 20. Bf3 b4 21. cxb4
Rb5 22. Ra4 Rfb8 23. Qd2 Qh4 24. Bc6 R5b6 25. Rc1 Rxb4 26. Qxd6 Qd4 27. Nd5 Qxb2
28. Rd1 Rxa4 29. Ne7+ Kh8 30. Bxa4 Bf8 31. Qc7 Ra8 32. Qc6 Ra7 33. Nc8 Ra5 34.
Qe8 Qb4 35. Bc6 Bb3 36. Rb1 Bc2 37. Rf1 Kg7 38. Qd8 Rc5 39. Bf3 e4 40. Be2 Qb8
41. Bg4 Bd3 42. Rd1 Qe5 43. Nb6 Be7 44. Qe8 e3 45. f4 Qxf4 46. Qxe7 Qxg4 47.
Qxe3 Qxd1+ 48. Kf2 1-0

[Event "Challenge"]
[Site "http://www.queenalice.com/game.php?id=399343"]
[Date "2008.5.7"]
[Round "-"]
[White "Kisei"]
[Black "Macuei"]
[Result "0-1"]
[WhiteElo "2115"]
[BlackElo "2389"]

1. e4 e5 2. Nf3 Nc6 3. Bb5 a6 4. Ba4 Nf6 5. O-O Be7 6. Re1 b5 7. Bb3 d6 8. c3
O-O 9. h3 Na5 10. Bc2 c5 11. d4 Nd7 12. Nbd2 cxd4 13. cxd4 Nc6 14. Nb3 a5 15.
Be3 a4 16. Nbd2 exd4 17. Nxd4 Nxd4 18. Bxd4 Ne5 19. Nf3 Nc6 20. Be3 Bf6 21. Bd3
Bxb2 22. Rb1 Bc3 23. Bxb5 Na7 24. Bd2 Nxb5 25. Rxb5 Bf6 26. Bb4 Be7 27. e5 Ba6
28. Rd5 Bc4 29. exd6 Bf6 30. d7 Bxa2 31. Bxf8 Qxf8 32. Ng5 Bb3 33. Qf3 h6 34.
Rc5 Rd8 35. Rc8 Be6 36. Nxe6 fxe6 37. Qa8 Kf7 38. Qc6 e5 39. Qc4+ Kg6 40. f4 Qa3
41. fxe5 Bg5 42. Qe4+ Kf7 43. e6+ Ke7 44. Rxd8 Qc5+ 45. Kh1 Kxd8 46. Qa8+ Kc7
47. Qc8+ Kb6 0-1

[Event "AUTO-ADV-353"]
[Site "http://www.queenalice.com/game.php?id=401802"]
[Date "2008.5.12"]
[Round "3"]
[White "RIVAS"]
[Black "Kisei"]
[Result "0-1"]
[WhiteElo "2038"]
[BlackElo "2182"]

1. e4 c5 2. Nf3 Nc6 3. d4 cxd4 4. Nxd4 Nf6 5. Nc3 e5 6. Ndb5 d6 7. a4 a6 8. Na3
Be6 9. Bg5 Rc8 10. Nd5 Bxd5 11. exd5 Qa5+ 12. Qd2 Qxd5 13. Qxd5 Nxd5 14. Bd3 h6
15. Bh4 Be7 16. Bxe7 Ncxe7 17. O-O Kd7 18. c3 Nf4 19. Bc2 d5 20. Rfe1 f6 21. g3
Ne6 22. Rad1 h5 23. Bb3 Rc5 24. Nc4 Kc7 25. Ne3 Rd8 26. Ba2 h4 27. Re2 Ng5 28.
Kg2 h3+ 29. Kh1 d4 30. cxd4 Rxd4 31. Red2 Rxd2 32. Rxd2 Ne4 33. Re2 Rc1+ 0-1

[Event "AUTO-ADV-353"]
[Site "http://www.queenalice.com/game.php?id=401803"]
[Date "2008.5.12"]
[Round "3"]
[White "Kisei"]
[Black "RIVAS"]
[Result "1-0"]
[WhiteElo "2187"]
[BlackElo "2031"]

1. e4 e6 2. d4 d5 3. Nc3 c5 4. exd5 cxd4 5. Bb5+ Bd7 6. Qxd4 exd5 7. Qxd5 Bxb5
8. Qxb5+ Qd7 9. Nf3 Nf6 10. O-O Nc6 11. Bg5 Be7 12. Rad1 Qc7 13. Bxf6 Bxf6 14.
Nd5 Qb8 15. Qc5 Be5 16. Nxe5 Nxe5 17. Qe7# 1-0

[Event "Challenge"]
[Site "http://www.queenalice.com/game.php?id=413122"]
[Date "2008.6.4"]
[Round "-"]
[White "Kisei"]
[Black "Kiwizany"]
[Result "0-1"]
[WhiteElo "2111"]
[BlackElo "2316"]

1. e4 c6 2. d4 d5 3. Nc3 dxe4 4. Nxe4 Nd7 5. Bc4 Ngf6 6. Nxf6+ Nxf6 7. Nf3 Bf5
8. Ne5 e6 9. O-O Bd6 10. Re1 Qc7 11. Bf4 Nd5 12. Bxd5 cxd5 13. c4 Bxe5 14. Bxe5
Qxc4 15. Bxg7 Rg8 16. Be5 Qa6 17. Rc1 Qxa2 18. Rc7 Qa5 19. Bd6 Be4 20. g3 Rg6
21. Rxb7 Rc8 22. Re7+ Kd8 23. Rxf7 Rg8 24. f3 Bg6 25. Rf6 Re8 26. Rfxe6 Rxe6 27.
Rxe6 Kd7 28. Rf6 Rc6 29. Be5 Rxf6 30. Bxf6 Qa2 31. Qe2 Qb1+ 32. Kf2 Qc2 33. Qxc2
Bxc2 34. Ke3 Ke6 35. Be5 Bd1 36. g4 a5 37. h3 Ke7 38. Kf2 a4 39. f4 Bc2 40. Ke3
Be4 41. f5 Bb1 42. Kf4 Kf7 43. g5 Bd3 44. h4 Be2 45. Bd6 Bd1 46. Ke5 Bg4 47. Bc5
Bf3 48. h5 Bxh5 49. Kxd5 Kg7 50. Ke6 Bf7+ 0-1

[Event "AUTO-MASTER-605"]
[Site "http://www.queenalice.com/game.php?id=459743"]
[Date "2008.9.7"]
[Round "1"]
[White "Kisei"]
[Black "mowliid12"]
[Result "0-1"]
[WhiteElo "2197"]
[BlackElo "2064"]

1. e4 c5 2. Nf3 d6 3. d4 cxd4 4. Nxd4 Nf6 5. Nc3 Nbd7 6. Be3 a6 7. Bd3 e6 8. O-O
g6 9. Qe2 Bg7 10. f4 e5 11. fxe5 Nxe5 12. h3 O-O 13. Qf2 Nxd3 14. cxd3 Nd7 15.
Nd5 Ne5 16. Qd2 Be6 17. Bg5 Qb8 18. Nxe6 fxe6 19. Rxf8+ Qxf8 20. Nc7 Rc8 0-1

[Event "AUTO-MASTER-605"]
[Site "http://www.queenalice.com/game.php?id=459744"]
[Date "2008.9.7"]
[Round "1"]
[White "mowliid12"]
[Black "Kisei"]
[Result "1-0"]
[WhiteElo "2041"]
[BlackElo "2214"]

1. d4 Nf6 2. c4 g6 3. Nc3 d5 4. e3 Bg7 5. Nf3 O-O 6. a3 Nc6 7. h3 Bf5 8. Nh4 Be6
9. cxd5 Nxd5 10. Bd3 Nxc3 11. bxc3 Qd6 12. O-O Rad8 13. a4 Na5 14. Rb1 b6 15. e4
Bxd4 16. cxd4 Qxd4 17. Bc2 Qf6 18. Qe1 Qxh4 19. Bb2 Nc4 20. Qc3 Nxb2 21. Rxb2
Qf6 22. e5 1-0

[Event "AUTO-MASTER-605"]
[Site "http://www.queenalice.com/game.php?id=459745"]
[Date "2008.9.7"]
[Round "1"]
[White "Kisei"]
[Black "bobesponja"]
[Result "0-1"]
[WhiteElo "2142"]
[BlackElo "2000"]

1. e4 e5 2. Nf3 Nc6 3. Bb5 a6 4. Ba4 Nf6 5. O-O Be7 6. Re1 b5 7. Bb3 O-O 8. c3
d5 9. exd5 e4 10. dxc6 exf3 11. Qxf3 Bg4 12. Qg3 Bd6 13. Qh4 Re8 14. f3 Bf5 15.
d4 Bxh2+ 16. Kxh2 Ng4+ 17. Kg3 Qxh4+ 18. Kxh4 Rxe1 19. fxg4 Rxc1 20. gxf5 Re8
21. d5 Kf8 22. d6 cxd6 23. a3 Re5 24. a4 Rc5 25. axb5 a5 26. Ba4 Ke7 27. b6 Kd8
0-1

[Event "AUTO-MASTER-605"]
[Site "http://www.queenalice.com/game.php?id=459746"]
[Date "2008.9.7"]
[Round "1"]
[White "bobesponja"]
[Black "Kisei"]
[Result "0-1"]
[WhiteElo "1939"]
[BlackElo "2210"]

1. e4 e5 2. Nf3 Nc6 3. Bb5 a6 4. Ba4 Nf6 5. d4 exd4 6. O-O Be7 7. e5 Ne4 8. Nxd4
O-O 9. Nf5 d5 10. Qg4 Bxf5 11. Qxf5 g6 12. Qh3 b5 13. Bb3 Nxe5 14. Nd2 Nc5 15.
Re1 Bf6 16. Nf3 Re8 17. c3 Nxf3+ 0-1

[Event "AUTO-MASTER-605"]
[Site "http://www.queenalice.com/game.php?id=459747"]
[Date "2008.9.7"]
[Round "1"]
[White "Kisei"]
[Black "technicaldraw"]
[Result "1-0"]
[WhiteElo "2209"]
[BlackElo "1711"]

1. e4 e6 2. d4 d5 3. Nc3 Bb4 4. e5 c5 5. a3 Bxc3+ 6. bxc3 cxd4 7. cxd4 Qa5+ 8.
Bd2 Qc7 9. Qg4 f5 10. Qg3 Qf7 11. Nf3 Nc6 12. Bd3 h6 13. O-O Nge7 14. c4 g5 15.
h3 f4 16. Qh2 Bd7 17. cxd5 Nxd5 18. Rab1 1-0

[Event "AUTO-MASTER-605"]
[Site "http://www.queenalice.com/game.php?id=459748"]
[Date "2008.9.7"]
[Round "1"]
[White "technicaldraw"]
[Black "Kisei"]
[Result "1/2-1/2"]
[WhiteElo "1995"]
[BlackElo "2216"]

1. e4 e5 2. Nf3 Nc6 3. Bb5 a6 4. Bxc6 dxc6 5. O-O f6 6. d4 exd4 7. Nxd4 c5 8.
Ne2 Qxd1 9. Rxd1 Bd7 10. Be3 O-O-O 11. Nbc3 Bd6 12. Bf4 Bxf4 13. Nxf4 1/2-1/2

[Event "AUTO-ELITE-223"]
[Site "http://www.queenalice.com/game.php?id=471226"]
[Date "2008.10.1"]
[Round "1"]
[White "ClivetheBeard"]
[Black "Kisei"]
[Result "1-0"]
[WhiteElo "2272"]
[BlackElo "2190"]

1. e4 e5 2. Nc3 Nf6 3. Nf3 Nc6 4. a3 d5 5. Bb5 d4 6. Ne2 Bd6 7. d3 O-O 8. Ng3
Na5 9. b4 c6 10. Ba4 b5 11. Bb3 Nxb3 12. cxb3 a5 13. bxa5 Qxa5+ 14. Bd2 Qc7 15.
b4 Be6 16. O-O h6 17. a4 bxa4 18. Rxa4 Qb7 19. Ra5 Nd7 20. Qc1 Bxb4 21. Bxh6
Rxa5 22. Bxg7 1-0

[Event "AUTO-ELITE-223"]
[Site "http://www.queenalice.com/game.php?id=471227"]
[Date "2008.10.1"]
[Round "1"]
[White "Kisei"]
[Black "ClivetheBeard"]
[Result "0-1"]
[WhiteElo "2180"]
[BlackElo "2282"]

1. e4 g6 2. d4 Bg7 3. c4 Nc6 4. Nf3 d6 5. Nc3 Bg4 6. Be3 e5 7. dxe5 Bxe5 8. Qb3
Bxf3 9. gxf3 Nd4 10. Bxd4 Bxd4 11. O-O-O Bxc3 12. Qxc3 Qf6 13. Qb3 O-O-O 14. c5
Ne7 15. cxd6 Rxd6 16. Rxd6 Qxd6 17. Qxf7 Qc5+ 18. Kb1 Nc6 19. Bh3+ Kb8 20. Rc1
Qd6 21. Qb3 Rf8 0-1

[Event "AUTO-ELITE-223"]
[Site "http://www.queenalice.com/game.php?id=471232"]
[Date "2008.10.1"]
[Round "1"]
[White "Kisei"]
[Black "GMcruz"]
[Result "0-1"]
[WhiteElo "2171"]
[BlackElo "2077"]

1. e4 c5 2. Nf3 d6 3. d4 cxd4 4. Nxd4 Nf6 5. Nc3 a6 6. Be3 e6 7. g4 e5 8. Nf5 g6
9. g5 gxf5 10. gxf6 f4 11. Bd2 Be6 12. Rg1 Nd7 13. Qf3 Nxf6 14. O-O-O Qb6 15.
Kb1 Qc7 16. Nd5 Nxd5 17. exd5 Bf5 18. Bd3 Bg6 19. h4 O-O-O 20. h5 Bxd3 21. Qxd3
Kb8 0-1

[Event "AUTO-ELITE-223"]
[Site "http://www.queenalice.com/game.php?id=471233"]
[Date "2008.10.1"]
[Round "1"]
[White "GMcruz"]
[Black "Kisei"]
[Result "1/2-1/2"]
[WhiteElo "2097"]
[BlackElo "2156"]

1. d4 Nf6 2. c4 g6 3. Nc3 d5 4. Nf3 Bg7 5. Qb3 dxc4 6. Qxc4 O-O 7. e4 a6 8. Bf4
b5 9. Qd3 Nc6 10. Be2 Bg4 11. Rd1 Re8 12. O-O Bxf3 13. Bxf3 e5 14. dxe5 Qxd3 15.
Rxd3 Nxe5 16. Rdd1 Nxf3+ 17. gxf3 c5 18. Rd6 Nh5 19. Be3 Be5 20. Rd5 c4 21. Rfd1
f5 22. exf5 Nf6 23. R5d2 gxf5 24. Bg5 Kf7 25. Bxf6 Bxf6 26. Kf1 1/2-1/2

[Event "Friends play Chess"]
[Site "http://www.queenalice.com/game.php?id=479047"]
[Date "2008.10.18"]
[Round "-"]
[White "Kisei"]
[Black "CesarLMarques"]
[Result "0-1"]
[WhiteElo "2126"]
[BlackElo "2308"]

1. e4 c5 2. Nf3 Nc6 3. d4 cxd4 4. Nxd4 Qc7 5. Nc3 e6 6. Be2 a6 7. O-O b5 8. Nxc6
dxc6 9. Be3 Nf6 10. f4 b4 11. Na4 Rb8 0-1

[Event "Challenge"]
[Site "http://www.queenalice.com/game.php?id=479773"]
[Date "2008.10.19"]
[Round "-"]
[White "Magico"]
[Black "Kisei"]
[Result "0-1"]
[WhiteElo "1648"]
[BlackElo "2181"]

1. d4 Nf6 2. c3 g6 3. Bg5 Bg7 4. Bxf6 Bxf6 5. Nh3 d5 6. Na3 O-O 7. Qc1 c5 8.
dxc5 Na6 9. e3 Nxc5 10. c4 Qa5+ 11. Kd1 Rd8 12. Qd2 dxc4 13. Nxc4 Rxd2+ 14. Nxd2
Bxb2 15. Rb1 Bc3 16. Nb3 Qxa2 17. Rc1 Bg4+ 0-1

[Event "AUTO-ELITE-257"]
[Site "http://www.queenalice.com/game.php?id=504286"]
[Date "2008.12.7"]
[Round "1"]
[White "gero79"]
[Black "Kisei"]
[Result "1-0"]
[WhiteElo "2216"]
[BlackElo "2095"]

1. e4 e5 2. Nf3 Nc6 3. Bc4 Nf6 4. Nc3 Bc5 5. O-O O-O 6. d3 d6 7. Na4 Bb6 8. Nxb6
axb6 9. Bg5 h6 10. Bh4 Re8 11. a3 1-0

[Event "AUTO-ELITE-257"]
[Site "http://www.queenalice.com/game.php?id=504287"]
[Date "2008.12.7"]
[Round "1"]
[White "Kisei"]
[Black "gero79"]
[Result "0-1"]
[WhiteElo "2105"]
[BlackElo "2207"]

1. e4 e5 2. Nf3 Nc6 3. Bb5 Nf6 4. O-O d6 5. d4 Bd7 6. d5 Ne7 7. Qd3 c6 8. dxc6
bxc6 9. Ba6 Qc7 10. Nc3 Rd8 0-1

[Event "AUTO-ELITE-257"]
[Site "http://www.queenalice.com/game.php?id=504292"]
[Date "2008.12.7"]
[Round "1"]
[White "Plis"]
[Black "Kisei"]
[Result "1-0"]
[WhiteElo "2353"]
[BlackElo "2148"]

1. d4 Nf6 2. c4 g6 3. Nc3 d5 4. cxd5 Nxd5 5. e4 Nxc3 6. bxc3 Bg7 7. Nf3 c5 8.
Be3 O-O 9. Rc1 Nc6 10. d5 Ne5 11. Nxe5 Bxe5 12. Bxc5 1-0